Il Papa (Record n. 98816)
[ formato base ]
| 000 -LEADER | |
|---|---|
| fixed length control field | 00822nam a22001697a 4500 |
| 003 - CONTROL NUMBER IDENTIFIER | |
| control field | IT-RoPau |
| 005 - DATE AND TIME OF LATEST TRANSACTION | |
| control field | 20220918181109.0 |
| 008 - FIXED-LENGTH DATA ELEMENTS--GENERAL INFORMATION | |
| fixed length control field | 130625b xxu||||| |||| 00| 0 eng d |
| 040 ## - CATALOGING SOURCE | |
| Transcribing agency | IT-RoPau |
| 100 ## - MAIN ENTRY--PERSONAL NAME | |
| Personal name | Casillo, Pasquale |
| 9 (RLIN) | 728 |
| 245 ## - TITLE STATEMENT | |
| Title | Il Papa |
| 260 ## - PUBLICATION, DISTRIBUTION, ETC. (IMPRINT) | |
| Place of publication, distribution, etc. | Roncade (Treviso) |
| Name of publisher, distributor, etc. | Grafiche Dipro |
| Date of publication, distribution, etc. | 1994 |
| 300 ## - PHYSICAL DESCRIPTION | |
| Extent | 104 pp. |
| Dimensions | 21 cm |
| 490 ## - SERIES STATEMENT | |
| Series statement | Edizioni Segno |
| 520 ## - SUMMARY, ETC. | |
| Summary, etc. | Indice<br/><br/>Capitolo I - L'elezione<br/>Capitolo II - Il titolo<br/>Capitolo III - Il successore<br/>Capitolo IV - Il potere<br/>Capitolo V - L'indipendenza<br/>Capitolo VI - Il ministero<br/>Capitolo VII - Il magistero<br/>Capitolo VIII - Il governo<br/>Capitolo IX - La responsabilità<br/>Capitolo X - Il prestigio<br/>Capitolo XI - La perpetuità<br/>Capitolo XII - La popolarità<br/>Capitolo XIII - Il numero<br/>Capitolo XIV - La sovranità<br/>Capitolo XV - Le attese<br/> |
| 942 ## - ADDED ENTRY ELEMENTS (KOHA) | |
| Source of classification or shelving scheme | Dewey Decimal Classification |
| Koha item type | LIBRO |
| Withdrawn status | Lost status | Source of classification or shelving scheme | Damaged status | Not for loan | Home library | Current library | Date acquired | Total Checkouts | Full call number | Barcode | Date last seen | Price effective from | Koha item type |
|---|---|---|---|---|---|---|---|---|---|---|---|---|---|
| Dewey Decimal Classification | Buone Condizioni | Not For Loan | PAULUS-BIBLIOTECA | PAULUS-BIBLIOTECA | 25/06/2013 | P E1 | 88 - 7282 - 113 - 8 | 25/06/2013 | 25/06/2013 | LIBRO | |||
| Dewey Decimal Classification | Buone Condizioni | Not For Loan | PAULUS-BIBLIOTECA | PAULUS-BIBLIOTECA | 25/06/2013 | P E1 | 25/06/2013 | 25/06/2013 | LIBRO |